Dr. S. R. Lasker Library Online Catalogue

Home      Library Home      Institutional Repository      E-Resources      MyAthens      EWU Home

Advanced concepts in operating systems : (Record no. 3488)

MARC details
000 -LEADER
fixed length control field 02649pam a2200349 a 4500
001 - CONTROL NUMBER
control field 3488
003 - CONTROL NUMBER IDENTIFIER
control field BD-DhEWU
005 - DATE AND TIME OF LATEST TRANSACTION
control field 20190110113314.0
008 - FIXED-LENGTH DATA ELEMENTS--GENERAL INFORMATION
fixed length control field 051104s1994 nyua g b 001 0 eng d
020 ## - INTERNATIONAL STANDARD BOOK NUMBER
International Standard Book Number 007057572X (acidfree paper) :
035 ## - SYSTEM CONTROL NUMBER
System control number (OCoLC)28709749
-- (BD-DhEWU)28709749
040 ## - CATALOGING SOURCE
Original cataloging agency DLC
Transcribing agency DLC
Modifying agency DLC
-- BD-DhEWU
Language of cataloging eng
041 ## - LANGUAGE CODE
Language code of text/sound track or separate title eng
050 00 - LIBRARY OF CONGRESS CALL NUMBER
Classification number QA76.76.O63
Item number S565 1994
082 00 - DEWEY DECIMAL CLASSIFICATION NUMBER
Classification number 005.43
Item number SIA 1994
Edition number 22
100 1# - MAIN ENTRY--PERSONAL NAME
Personal name Singhal, Mukesh.
9 (RLIN) 2993
245 10 - TITLE STATEMENT
Title Advanced concepts in operating systems :
Remainder of title distributed, database, and multiprocessor operating systems /
Statement of responsibility, etc Mukesh Singhal, and Niranjan G. Shivaratri.
260 ## - PUBLICATION, DISTRIBUTION, ETC. (IMPRINT)
Place of publication, distribution, etc New York :
Name of publisher, distributor, etc McGraw-Hill,
Date of publication, distribution, etc c1994.
300 ## - PHYSICAL DESCRIPTION
Extent xxii, 522 p. :
Other physical details ill. ;
Dimensions 24 cm.
440 #0 - SERIES STATEMENT/ADDED ENTRY--TITLE
Title McGraw-Hill series in computer science
9 (RLIN) 21690
504 ## - BIBLIOGRAPHY, ETC. NOTE
Bibliography, etc Includes bibliographical references and index.
505 ## - FORMATTED CONTENTS NOTE
Formatted contents note Part One: Process Synchronization<br/>1 Overview<br/>2 Synchronization Mechanisms<br/>3 Process Deadlocks<br/>Part Two: Distributed Operating Systems<br/>4 Architectures of Distributed Systems<br/>5 Theoretical Foundations<br/>6 Distributed Mutual Exclusion<br/>7 Distributed Deadlock Detection<br/>8 Agreement Protocols<br/>Part Three: Distributed Resource Management<br/>9 Distributed File Systems<br/>10 Distributed Share Memory<br/>11 Distributed Scheduling<br/>Part Four: Failure Recovery and Fault Tolerance<br/>12 Recovery<br/>13 Fault Tolerance<br/>Part Five: Protection and Security<br/>14 Resource Security and Protection Access and Flow Control<br/>15 Data Security Cryptography<br/>Part Six: Multiprocessor Operating Systems<br/>16 Multiprocessor System Architectures<br/>17 Multiprocessor Operating Systems<br/>Part Seven: Database Operating Systems<br/>18 Introduction to Database Operating Systems<br/>19 Concurrency Control Theoretical Aspects<br/>20 Concurrency Control
520 ## - SUMMARY, ETC.
Summary, etc Operating systems have evolved substantially over the past two decades, and there is a need for a book which can explain major developments and changes in this dynamic field. This is such a book. Comprehensive, and useful as a text and reference, Advanced Concepts in Operating Systems lays down all the concepts and mechanisms involved in the design of advanced operating systems. The discussion is reinforced by many examples and cases
526 ## - STUDY PROGRAM INFORMATION NOTE
Program name CSE
590 ## - LOCAL NOTE (RLIN)
Local note Sagar Shahanawaz
650 #0 - SUBJECT ADDED ENTRY--TOPICAL TERM
Topical term or geographic name as entry element Operating systems (Computers)
9 (RLIN) 2994
700 1# - ADDED ENTRY--PERSONAL NAME
Personal name Shivaratri, Niranjan G.
9 (RLIN) 2995
856 42 - ELECTRONIC LOCATION AND ACCESS
Materials specified WorldCat details
Uniform Resource Identifier http://www.worldcat.org/title/advanced-concepts-in-operating-systems-distributed-database-and-multiprocessor-operating-systems/oclc/28709749&referer=brief_results
942 ## - ADDED ENTRY ELEMENTS (KOHA)
Source of classification or shelving scheme Dewey Decimal Classification
Koha item type Text
Holdings
Withdrawn status Lost status Source of classification or shelving scheme Damaged status Not for loan Collection code Home library Current library Shelving location Date acquired Source of acquisition Cost, normal purchase price Total Checkouts Full call number Barcode Copy number Koha item type
    Dewey Decimal Classification   Not For Loan Non-fiction Dr. S. R. Lasker Library, EWU Dr. S. R. Lasker Library, EWU Reserve Section 04/11/2003 Karim International 1015.00   005.43 SIA 1994 13287 C-1 Text
    Dewey Decimal Classification     Non-fiction Dr. S. R. Lasker Library, EWU Dr. S. R. Lasker Library, EWU Circulation Section 04/11/2003 Karim International 1015.00   005.43 SIA 1994 13288 C-2 Text
    Dewey Decimal Classification     Non-fiction Dr. S. R. Lasker Library, EWU Dr. S. R. Lasker Library, EWU Circulation Section 04/11/2003 Karim International 1015.00   005.43 SIA 1994 13290 C-4 Text
    Dewey Decimal Classification     Non-fiction Dr. S. R. Lasker Library, EWU Dr. S. R. Lasker Library, EWU Circulation Section 04/11/2003 Karim International 1015.00   005.43 SIA 1994 13291 C-5 Text
    Dewey Decimal Classification     Non-fiction Dr. S. R. Lasker Library, EWU Dr. S. R. Lasker Library, EWU Circulation Section 04/11/2003 Karim International 1015.00   005.43 SIA 1994 13289 C-3 Text